Geography Quiz

Random Geography or World Quiz

Foreign Aid Food Shipments Quiz Stats

 Plays Quiz Updated Oct 1, 2016

Challenge
Share
Tweet
Embed
Score 0/80 Timer 10:00
2 Plays Today
Hint Answer % Correct
Wheat & Wheat FlourSudan
84.8%
RiceNiger
83.8%
CerealsNiger
83.7%
CerealsEthiopia
83.4%
Coarse GrainsEthiopia
83.4%
Non-CerealsEthiopia
83.4%
PulsesEthiopia
83.4%
SugarEthiopia
83.4%
Wheat & Wheat FlourEthiopia
83.4%
PulsesNiger
83.1%
CerealsSomalia
80.1%
Coarse GrainsSomalia
80.1%
Non-CerealsSouth Sudan
79.3%
PulsesSouth Sudan
79.3%
Coarse GrainsSouth Sudan
79.2%
Vegetable OilsSouth Sudan
78.9%
Vegetable OilsSyria
78.5%
Wheat & Wheat FlourSyria
78.4%
CerealsSyria
78.2%
Non-CerealsSyria
78.2%
PulsesSyria
78.2%
RiceSyria
78.2%
SugarSyria
78.2%
RiceSouth Sudan
78.1%
SugarDem. Rep. of the Congo
77.2%
PulsesDem. Rep. of the Congo
77.1%
CerealsDem. Rep. of the Congo
77.1%
CerealsChad
76.8%
Coarse GrainsChad
76.8%
CerealsKenya
76.7%
Coarse GrainsKenya
76.7%
Non-CerealsKenya
76.7%
PulsesKenya
76.7%
Wheat & Wheat FlourKenya
76.3%
Non-CerealsChad
76.2%
PulsesChad
75.7%
Vegetable OilsMali
70.4%
Coarse GrainsUganda
67.7%
Coarse GrainsCentral African Republic
66.9%
RiceHaiti
66.9%
Hint Answer % Correct
RiceCentral African Republic
66.7%
Coarse GrainsZimbabwe
66.2%
Non-CerealsPakistan
64.2%
CerealsTanzania
63.8%
Vegetable OilsPakistan
63.8%
Wheat & Wheat FlourTanzania
63.3%
Wheat & Wheat FlourBangladesh
58.4%
SugarAlgeria
58.1%
Vegetable OilsGuinea
57.4%
RiceGuinea
57.1%
Vegetable OilsYemen
57.1%
Wheat & Wheat FlourYemen
57%
Non-CerealsYemen
56.7%
PulsesYemen
56.7%
SugarYemen
56.6%
SugarCameroon
56.6%
RiceCameroon
56.6%
CerealsYemen
56.5%
Non-CerealsGuinea
56.3%
SugarLaos
55.6%
Coarse GrainsMadagascar
54.7%
RiceCôte d'Ivoire
54.3%
Vegetable OilsSenegal
54.2%
Non-CerealsSenegal
53.8%
Vegetable OilsNorth Korea
52.9%
Non-CerealsNorth Korea
52.8%
Coarse GrainsNorth Korea
52.3%
PulsesNorth Korea
52.3%
CerealsNorth Korea
52.1%
SugarNorth Korea
52.1%
Vegetable OilsMyanmar
52%
Wheat & Wheat FlourNorth Korea
51.9%
RiceBurkina Faso
49.9%
SugarJordan
48.8%
SugarLesotho
47.7%
Wheat & Wheat FlourPalestine
47.6%
PulsesGuatemala
37.9%
RiceGuatemala
37.5%
Vegetable OilsNicaragua
37.2%
Wheat & Wheat FlourNicaragua
37%

You're not logged in!

Compare scores with friends on all Sporcle quizzes.
Join for Free
OR
Log In

You Might Also Like...

Show Comments

Extras

Top Quizzes Today


Score Distribution

Your Account Isn't Verified!

In order to create a playlist on Sporcle, you need to verify the email address you used during registration. Go to your Sporcle Settings to finish the process.

Report this User

Report this user for behavior that violates our Community Guidelines.

Details: